[Event "22nd European Teams"]
[Site "Batumi GEO"]
[Date "2019.10.26"]
[Round "3.1"]
[Board "2"]
[White "Naiditsch, Arkadij"]
[Black "Kuzubov, Yuriy"]
[Result "0-1"]
[WhiteTitle "GM"]
[BlackTitle "GM"]
[WhiteElo "2643"]
[BlackElo "2636"]
[WhiteTeam "Azerbaijan"]
[BlackTeam "Ukraine"]
[WhiteFideId "4650891"]
[BlackFideId "14112906"]
[EventDate "2019.10.24"]

1. Nf3 d5 2. g3 g6 3. Bg2 Bg7 4. d4 Nf6 5. O-O O-O 6. a4 c6 7. a5 Bf5 8. Nbd2
Na6 9. c4 Qc7 10. Ne5 Rad8 11. cxd5 cxd5 12. Ndf3 Rc8 13. Qb3 Bc2 14. Qa3 Ne4
15. Bh3 e6 16. Bf4 Qd8 17. Rfc1 g5 18. Be3 Re8 19. b4 Qe7 20. b5 Qxa3 21. Rxa3
Nb4 22. Ne1 Nc3 23. Rxc3 Rxc3 24. Bd2 Rb3 25. Bxb4 Rxb4 26. Nxc2 Rxb5 27. Ne3 h5
28. Rc7 Bxe5 29. dxe5 Rxa5 30. Rxb7 Rc8 31. Rd7 Ra1+ 32. Bf1 Rc3 33. Ng2 Rcc1
34. Ne3 Rc3 35. Ng2 a5 36. e4 dxe4 37. Ne3 a4 38. Kg2 a3 39. Be2 g4 40. Ra7 Ra2
41. Bc4 Rb2 42. Kg1 Rb4 43. Be2 Rb1+ 44. Kg2 Rb2 45. Nd1 Rc1 0-1

[Event "22nd European Teams"]
[Site "Batumi GEO"]
[Date "2019.10.26"]
[Round "3.1"]
[Board "3"]
[White "Volokitin, Andrei"]
[Black "Mamedov, Rauf"]
[Result "1/2-1/2"]
[WhiteTitle "GM"]
[BlackTitle "GM"]
[WhiteElo "2627"]
[BlackElo "2645"]
[WhiteTeam "Ukraine"]
[BlackTeam "Azerbaijan"]
[WhiteFideId "14107090"]
[BlackFideId "13401653"]
[EventDate "2019.10.24"]

1. e4 c5 2. Nf3 e6 3. d4 cxd4 4. Nxd4 Nf6 5. Nc3 Nc6 6. Ndb5 d6 7. Bf4 e5 8. Bg5
a6 9. Na3 b5 10. Bxf6 gxf6 11. Nd5 f5 12. g3 fxe4 13. Bg2 Be6 14. Bxe4 Bg7 15.
Qh5 Rc8 16. O-O Ne7 17. Rfd1 Nxd5 18. Bxd5 O-O 19. Qe2 Rc5 20. Bxe6 fxe6 21. c4
e4 22. cxb5 Qb6 23. Rd2 d5 24. bxa6 Rc7 25. Qb5 Qa7 26. Nc2 Rb8 27. Qa4 Rc4 28.
Qa5 Rc6 29. Nb4 Rc5 30. Qa4 e3 31. Re2 exf2+ 32. Kg2 Qa8 33. Rxf2 Rc4 34. a3 d4+
35. Kg1 d3 36. Qd7 Rd4 37. Qxe6+ Kh8 38. Qc6 Qa7 39. Kg2 Rdd8 40. Rd1 Bd4 41.
Rfd2 Rf8 42. Nxd3 Qg7 43. Nb4 Rbc8 44. Qb7 Qg4 45. Rxd4 Qe2+ 46. Kh3 Rc5 47. Qd7
Rh5+ 48. Rh4 Rxh4+ 49. Kxh4 Qxh2+ 50. Qh3 Qe2 51. Qg4 Qh2+ 52. Qh3 Qe2 53. Qd7
Qh2+ 54. Qh3 1/2-1/2

[Event "22nd European Teams"]
[Site "Batumi GEO"]
[Date "2019.10.26"]
[Round "3.1"]
[Board "4"]
[White "Guseinov, Gadir"]
[Black "Onischuk, Vladimir"]
[Result "1/2-1/2"]
[WhiteTitle "GM"]
[BlackTitle "GM"]
[WhiteElo "2660"]
[BlackElo "2616"]
[WhiteTeam "Azerbaijan"]
[BlackTeam "Ukraine"]
[WhiteFideId "13401378"]
[BlackFideId "14114038"]
[EventDate "2019.10.24"]

1. e4 e5 2. Nf3 Nc6 3. Bb5 Nf6 4. O-O Nxe4 5. d4 Nd6 6. Bxc6 dxc6 7. dxe5 Nf5 8.
Qxd8+ Kxd8 9. h3 Ke8 10. Nc3 h5 11. Ne4 Be7 12. Bf4 Be6 13. Rad1 Rd8 14. Nfg5
Bc4 15. Rxd8+ Bxd8 16. Rd1 f6 17. exf6 gxf6 18. Nf3 Bd5 19. Ned2 b6 20. c4 Be6
21. b3 a5 22. Ne4 a4 23. Nc3 axb3 24. axb3 Rh7 25. Kf1 Rd7 26. Rxd7 Kxd7 27. Ke2
c5 28. Kd3 Ne7 29. Ne4 Bf5 30. Nh4 Bh7 31. g4 hxg4 32. hxg4 Ke6 33. Bd2 Ng6 34.
Nxg6 Bxg6 35. f3 f5 36. gxf5+ Bxf5 37. Bf4 Kd7 38. Ke3 Bh4 1/2-1/2

[Event "22nd European Teams"]
[Site "Batumi GEO"]
[Date "2019.10.26"]
[Round "3.2"]
[Board "2"]
[White "Laznicka, Viktor"]
[Black "Melkumyan, Hrant"]
[Result "1/2-1/2"]
[WhiteTitle "GM"]
[BlackTitle "GM"]
[WhiteElo "2667"]
[BlackElo "2650"]
[WhiteTeam "Czech Republic"]
[BlackTeam "Armenia"]
[WhiteFideId "316385"]
[BlackFideId "13302485"]
[EventDate "2019.10.24"]

1. c4 e5 2. Nc3 Bb4 3. g3 Bxc3 4. dxc3 d6 5. Bg2 Nd7 6. Nf3 Ngf6 7. Qc2 a5 8. e4
Nc5 9. Nh4 Be6 10. b3 a4 11. Rb1 axb3 12. axb3 Qd7 13. O-O Bh3 14. f3 Bxg2 15.
Kxg2 Ne6 16. Nf5 O-O 17. Be3 Ra6 18. Bf2 Rfa8 19. Rfd1 b6 20. Ne3 Ng5 21. Nf5 g6
22. Qc1 Ne6 23. Ne3 Ng5 24. Nf5 Ne6 25. Ne3 Ng5 26. Nf5 1/2-1/2

[Event "22nd European Teams"]
[Site "Batumi GEO"]
[Date "2019.10.26"]
[Round "3.2"]
[Board "3"]
[White "Martirosyan, Haik M."]
[Black "Nguyen, Thai Dai Van"]
[Result "1-0"]
[WhiteTitle "GM"]
[BlackTitle "GM"]
[WhiteElo "2607"]
[BlackElo "2545"]
[WhiteTeam "Armenia"]
[BlackTeam "Czech Republic"]
[WhiteFideId "13306553"]
[BlackFideId "358878"]
[EventDate "2019.10.24"]

1. d4 Nf6 2. c4 e6 3. Nf3 d5 4. Nc3 Bb4 5. Qa4+ Nc6 6. e3 O-O 7. Qc2 Re8 8. Bd2
a6 9. a3 Bd6 10. h3 Bd7 11. Rd1 e5 12. dxe5 Nxe5 13. cxd5 Nxf3+ 14. gxf3 c6 15.
dxc6 Bxc6 16. Bg2 Qa5 17. Ne2 Qg5 18. Bc3 Nd5 19. Rg1 Nxc3 20. f4 Qa5 21. Qxc3
Qxc3+ 22. Nxc3 Bxf4 23. Bxc6 bxc6 24. Rg4 Be5 25. Rc4 Rab8 26. Rd2 Bxc3 27. Rxc3
Rb6 28. Kd1 Kf8 29. Kc2 Re6 30. Rd8+ Ke7 31. Rc8 g5 32. Rc7+ Kf8 33. b4 Rf6 34.
f4 gxf4 35. exf4 Rxf4 36. R7xc6 Rf6 37. Rxb6 Rxb6 38. Kb3 f5 39. a4 Kf7 40. Kc4
f4 41. Rf3 Rf6 42. Kd5 Kg6 43. Ke4 Kg5 44. Rb3 Re6+ 45. Kf3 Rh6 46. Kf2 Kh4 47.
b5 axb5 48. axb5 Rb6 49. Kg2 Rg6+ 50. Kh2 Rb6 51. Rb4 Kg5 52. Kg2 Kh5 53. Kf3
Kh4 54. Rb1 Kg5 55. Rb3 Kf5 56. h4 Rg6 57. Rb1 Rb6 58. Rb2 Ke5 59. Rb4 h6 60.
Rb2 Kf5 61. Rb1 Ke5 62. Rb4 Kd6 63. Kxf4 Kc7 64. Kf5 Kd6 65. h5 Ke7 66. Ke5 Ke8
67. Kd5 Kd7 68. Kc5 Rf6 69. Rd4+ Kc7 70. Rd5 Rf1 71. b6+ Kc8 72. Rd6 Rc1+ 73.
Kd5 Kb7 74. Rxh6 Rh1 75. Ke5 Rh2 76. Kf5 Rh1 77. Kg5 Rg1+ 78. Kf6 Rh1 79. Kg7
Rh2 80. Rh8 Kxb6 81. h6 Rg2+ 82. Kh7 Kc7 83. Rg8 Rh2 84. Rg6 1-0

[Event "22nd European Teams"]
[Site "Batumi GEO"]
[Date "2019.10.26"]
[Round "3.2"]
[Board "4"]
[White "Stocek, Jiri"]
[Black "Pashikian, Arman"]
[Result "1/2-1/2"]
[WhiteTitle "GM"]
[BlackTitle "GM"]
[WhiteElo "2569"]
[BlackElo "2599"]
[WhiteTeam "Czech Republic"]
[BlackTeam "Armenia"]
[WhiteFideId "304760"]
[BlackFideId "13301578"]
[EventDate "2019.10.24"]

1. d4 Nf6 2. c4 e6 3. Nf3 d5 4. Nc3 Bb4 5. g3 dxc4 6. Bg2 O-O 7. O-O Nc6 8. Qa4
Nd5 9. Qc2 Be7 10. Rd1 b6 11. e4 Ncb4 12. Qd2 Nf6 13. Ne5 Ba6 14. Qe2 c5 15.
dxc5 Qc8 16. Nxc4 Bxc5 17. b3 e5 18. Bb2 Ng4 19. Rf1 b5 20. Ne3 Nxe3 21. fxe3
Nc2 22. Qxc2 Bxe3+ 23. Kh1 b4 24. Rfd1 bxc3 25. Qxc3 Qxc3 26. Bxc3 f6 27. Bh3
Rfd8 28. Be6+ Kf8 29. Bb4+ Ke8 30. Kg2 Bb7 31. Kf3 Rd4 32. Rxd4 exd4 33. Bc5 Rd8
34. Rd1 a6 35. g4 g6 36. h3 Bc6 37. a4 Bb7 38. Rd3 Bc6 39. Rd1 Bb7 40. Rf1 Bh6
41. Rd1 1/2-1/2

[Event "22nd European Teams"]
[Site "Batumi GEO"]
[Date "2019.10.26"]
[Round "3.3"]
[Board "2"]
[White "Vallejo Pons, Francisco"]
[Black "L'Ami, Erwin"]
[Result "1-0"]
[WhiteTitle "GM"]
[BlackTitle "GM"]
[WhiteElo "2694"]
[BlackElo "2619"]
[WhiteTeam "Spain"]
[BlackTeam "Netherlands"]
[WhiteFideId "2205530"]
[BlackFideId "1007998"]
[EventDate "2019.10.24"]

1. c4 e6 2. g3 d5 3. Bg2 Nf6 4. Nf3 dxc4 5. Qa4+ Bd7 6. Qxc4 c5 7. Ne5 Nc6 8.
Nxc6 Bxc6 9. Bxc6+ bxc6 10. b3 Qd5 11. f3 Qxc4 12. bxc4 Nd7 13. Nc3 Bd6 14. Rb1
Ke7 15. f4 Rhb8 16. Rxb8 Rxb8 17. Kd1 f5 18. d3 g6 19. Kc2 e5 20. Rf1 Nf8 21. e3
Ne6 22. Bd2 Rg8 23. h4 Rb8 24. Ne2 Ng7 25. Bc3 Ke6 26. Nc1 Nh5 27. Rg1 Nf6 28.
Nb3 Ng4 29. Re1 h5 30. Nd2 Re8 31. Nf3 exf4 32. gxf4 Kd7 33. Bd2 Bc7 34. Kd1 Bd6
35. Kc2 Bc7 36. a3 Bd6 37. Kd1 Bc7 38. Kc2 Bd6 39. a4 Bc7 40. Kd1 Bd6 41. Kc2
Bc7 42. e4 fxe4 43. dxe4 Rf8 44. e5 Ke6 45. Ng5+ Kf5 46. Ne4 Bd8 47. Ng3+ Ke6
48. f5+ gxf5 49. Nxh5 Bxh4 50. Nf4+ Kf7 51. e6+ Ke8 52. Rb1 Rg8 53. Rb8+ Bd8 54.
Bc3 Ke7 55. Rb7+ Ke8 56. Rb8 Ke7 57. Rb7+ Ke8 58. Nh5 Rg6 59. Ng7+ Kf8 60. Rf7+
Kg8 61. Nxf5 Bg5 62. Rxa7 Ne3+ 63. Nxe3 Bxe3 64. Ra8+ 1-0

[Event "22nd European Teams"]
[Site "Batumi GEO"]
[Date "2019.10.26"]
[Round "3.3"]
[Board "3"]
[White "Van Foreest, Jorden"]
[Black "Perez Candelario, Manuel"]
[Result "1-0"]
[WhiteTitle "GM"]
[BlackTitle "GM"]
[WhiteElo "2621"]
[BlackElo "2621"]
[WhiteTeam "Netherlands"]
[BlackTeam "Spain"]
[WhiteFideId "1039784"]
[BlackFideId "2210622"]
[EventDate "2019.10.24"]

1. e4 e5 2. Nf3 Nc6 3. Bb5 a6 4. Ba4 Nf6 5. O-O Be7 6. Re1 b5 7. Bb3 d6 8. c3
O-O 9. h3 Bb7 10. d4 Re8 11. Nbd2 exd4 12. cxd4 Na5 13. Bc2 Nd7 14. Nf1 Bf6 15.
Ng3 g6 16. Bh6 Nc4 17. b3 Na3 18. Bd3 c5 19. Rc1 Rc8 20. Qd2 b4 21. Bf4 a5 22.
Bxd6 cxd4 23. Rxc8 Bxc8 24. e5 Bg7 25. Qf4 Bb7 26. Nxd4 Bd5 27. Re3 Qc8 28. Ngf5
Qc1+ 29. Kh2 Nc5 30. Nxg7 Nxd3 31. Qf6 Qf1 32. Nf3 Nf4 33. Qxf4 Kxg7 34. Qf6+
Kg8 35. e6 Bxe6 36. Rxe6 1-0

[Event "22nd European Teams"]
[Site "Batumi GEO"]
[Date "2019.10.26"]
[Round "3.3"]
[Board "4"]
[White "Salgado Lopez, Ivan"]
[Black "Van den Doel, Erik"]
[Result "1/2-1/2"]
[WhiteTitle "GM"]
[BlackTitle "GM"]
[WhiteElo "2594"]
[BlackElo "2603"]
[WhiteTeam "Spain"]
[BlackTeam "Netherlands"]
[WhiteFideId "2257327"]
[BlackFideId "1003720"]
[EventDate "2019.10.24"]

1. d4 d5 2. c4 c6 3. cxd5 cxd5 4. Bf4 Nc6 5. e3 Nf6 6. Bd3 Bg4 7. f3 Bh5 8. Qb3
Qd7 9. Nc3 e6 10. Rc1 Rc8 11. Na4 Be7 12. Ne2 O-O 13. Nc5 Bxc5 14. Rxc5 Bg6 15.
Bb5 b6 16. Rxc6 Rxc6 17. Bxc6 Qxc6 18. Kd2 Rc8 19. Rc1 Qb7 20. Rxc8+ Qxc8 21.
Nc3 Nd7 22. Nb5 Qa6 23. a4 f6 24. Qb4 e5 25. Bg3 h5 26. b3 exd4 27. exd4 Qc8 28.
Qc3 Qf8 29. h4 Qe7 30. Nd6 Nf8 31. Qc6 Bf7 32. b4 Be6 33. b5 f5 34. Qb7 Qf6 35.
Be5 Qh6+ 36. Ke2 Ng6 37. Qb8+ Kh7 38. Ne8 Bd7 39. Bxg7 Qc1 40. Be5 Qc2+ 41. Ke1
Qc1+ 42. Ke2 Qc2+ 43. Ke1 Qc1+ 1/2-1/2

[Event "22nd European Teams"]
[Site "Batumi GEO"]
[Date "2019.10.26"]
[Round "3.5"]
[Board "2"]
[White "McShane, Luke J"]
[Black "Hillarp Persson, Tiger"]
[Result "1-0"]
[WhiteTitle "GM"]
[BlackTitle "GM"]
[WhiteElo "2682"]
[BlackElo "2550"]
[WhiteTeam "England"]
[BlackTeam "Sweden"]
[WhiteFideId "404853"]
[BlackFideId "1700812"]
[EventDate "2019.10.24"]

1. Nf3 c5 2. e4 d6 3. Bb5+ Nd7 4. d4 cxd4 5. Qxd4 a6 6. Bxd7+ Qxd7 7. Nc3 e5 8.
Qd3 Qc6 9. O-O Be6 10. Rd1 h6 11. Nd2 Nf6 12. Nf1 Be7 13. Ne3 O-O 14. Bd2 Rac8
15. a4 Rfe8 16. a5 Qc5 17. Be1 g6 18. Na4 Qc6 19. f3 Nd7 20. b3 Bd8 21. c4 b5
22. axb6 Bxb6 23. Nxb6 Qxb6 24. Ra3 Rc6 25. Bf2 Qb4 26. Nc2 Qb7 27. Qd2 Nc5 28.
Qxh6 a5 29. Bxc5 Rxc5 30. Qe3 Qc7 31. Rd3 Rb8 32. Qd2 Kg7 33. Ne3 Rb6 34. h3 Qb8
35. Qd1 Bxc4 36. Nxc4 Rxc4 37. bxc4 Rb1 38. Kh2 Rxd1 39. Rxd1 Qb4 40. Rda1 Qxc4
41. Rxa5 Qc3 42. R5a2 Qd4 43. Ra4 Qd2 44. Ra7 d5 45. exd5 Qxd5 46. Rc1 e4 47.
fxe4 Qd4 48. Rca1 Kh6 49. Kh1 Kg7 50. R7a4 Qf2 51. R4a2 Qf4 52. Re1 Qe5 53. Rf1
Qd4 54. Raf2 Qxe4 55. Rxf7+ Kh6 56. R7f4 Qe5 57. Rh4+ Kg7 58. Rg4 1-0

[Event "22nd European Teams"]
[Site "Batumi GEO"]
[Date "2019.10.26"]
[Round "3.5"]
[Board "3"]
[White "Blomqvist, Erik"]
[Black "Howell, David W L"]
[Result "1/2-1/2"]
[WhiteTitle "GM"]
[BlackTitle "GM"]
[WhiteElo "2523"]
[BlackElo "2694"]
[WhiteTeam "Sweden"]
[BlackTeam "England"]
[WhiteFideId "1709437"]
[BlackFideId "410608"]
[EventDate "2019.10.24"]

1. e4 c6 2. d4 d5 3. exd5 cxd5 4. Bd3 Nc6 5. c3 Nf6 6. Bf4 g6 7. Nf3 Nh5 8. Be3
Bg7 9. O-O Qc7 10. Re1 O-O 11. Nbd2 Nf6 12. h3 Bf5 13. Bf1 Rad8 14. Ne5 Nxe5 15.
dxe5 Qxe5 16. Bxa7 Qd6 17. Bd4 Nd7 18. Bxg7 Kxg7 19. a4 b6 20. a5 bxa5 21. Rxa5
Rb8 22. b4 Rfc8 23. Qf3 Nf6 24. Qe3 d4 25. cxd4 Nd5 26. Qe5+ Qxe5 27. dxe5 Nxb4
28. Nf3 Nc2 29. Rd1 Rc7 30. Bd3 Bxd3 31. Rxd3 Rb1+ 32. Kh2 Ne1 33. Nxe1 Rxe1 34.
h4 Rc2 35. Kg3 Rce2 36. Kf3 Rxe5 37. Rxe5 Rxe5 38. g3 Rf5+ 39. Kg2 Re5 40. Rd2
Ra5 41. Rb2 Ra3 42. Rb5 Kf6 43. Rb6+ Kg7 44. Rb5 Kf6 45. Rb6+ e6 46. Rc6 Rd3 47.
Ra6 Kg7 48. Ra5 Kf6 49. Ra6 Ke7 50. Ra7+ Rd7 51. Ra5 Rd5 52. Ra7+ Rd7 53. Ra5 f6
54. Ra6 Rd6 55. Ra7+ Rd7 56. Ra6 Kf7 57. Ra5 e5 58. Ra6 Kg7 59. Re6 Kf7 60. Ra6
f5 61. Rb6 e4 62. Rb5 Kf6 63. Ra5 Rb7 64. Rc5 Ra7 65. Rb5 Rc7 66. Ra5 Rd7 67.
Rb5 Ra7 68. Rc5 Ra2 69. Kg1 Kg7 70. h5 Kh6 71. hxg6 hxg6 72. Re5 Kh5 73. Kg2 Ra6
74. Kh3 Kg5 75. Re8 Rb6 76. Re7 Kf6 77. Re8 Re6 78. Ra8 Kg5 79. Kg2 Kg4 80. Ra4
Kh5 81. Ra5 Rb6 82. Re5 Kg4 83. Re8 Rc6 84. Re7 Rd6 85. Re8 Ra6 86. Re7 Rb6 87.
Re8 Rb2 88. Re6 Kh5 89. Re8 Ra2 90. Re6 Re2 91. Kf1 Rb2 92. Kg2 Kg5 93. Kg1 Kh5
94. Kg2 Rb3 95. Kh3 Ra3 96. Kg2 Ra2 97. Re8 Rc2 98. Re6 Rc3 99. Kh3 Rd3 100. Kg2
Rd1 101. Kh3 Re1 102. Kg2 Ra1 103. Kh3 Rc1 104. Re8 Re1 105. Kg2 Kg4 106. Re6
Kg5 107. Ra6 Kh5 108. Re6 Re2 109. Kf1 Rd2 110. Kg2 Kg5 111. Kg1 Rd1+ 112. Kg2
Re1 113. Ra6 Kh5 114. Re6 g5 115. Re5 Kg4 116. Re8 Re2 117. Re5 Ra2 118. Re8 Rb2
119. Re7 Re2 120. Re5 f4 121. Rxe4 Rxe4 122. f3+ Kf5 123. fxe4+ Kxe4 124. gxf4
g4 125. Kg3 Kf5 126. Kg2 Kxf4 127. Kf2 g3+ 128. Kg2 Kg4 129. Kg1 Kh3 130. Kh1
g2+ 131. Kg1 Kh4 132. Kxg2 1/2-1/2

[Event "22nd European Teams"]
[Site "Batumi GEO"]
[Date "2019.10.26"]
[Round "3.5"]
[Board "4"]
[White "Jones, Gawain C B"]
[Black "Carlsson, Pontus"]
[Result "1-0"]
[WhiteTitle "GM"]
[BlackTitle "GM"]
[WhiteElo "2688"]
[BlackElo "2447"]
[WhiteTeam "England"]
[BlackTeam "Sweden"]
[WhiteFideId "409561"]
[BlackFideId "1705814"]
[EventDate "2019.10.24"]

1. e4 c6 2. Nc3 d5 3. Nf3 Bg4 4. h3 Bxf3 5. Qxf3 e6 6. Be2 Nf6 7. O-O Nbd7 8. d4
dxe4 9. Nxe4 Nxe4 10. Qxe4 Nf6 11. Qd3 Be7 12. Bd2 O-O 13. Rfd1 Qc7 14. c4 Rfd8
15. Bc3 Rd7 16. Qc2 Rad8 17. Bf3 b5 18. b3 b4 19. Bb2 a5 20. Qe2 Qb6 21. Rac1
Qa6 22. Rd3 a4 23. Rcd1 a3 24. Bc1 h6 25. Bf4 Qb6 26. Be5 Kf8 27. Qe3 Rb7 28. g4
Rbd7 29. Kg2 Ne8 30. Qe4 Rc8 31. Qh7 Bf6 32. Bf4 Rcd8 33. d5 cxd5 34. cxd5 Qb5
35. Bxh6 e5 36. g5 gxh6 37. gxf6 Nxf6 38. Qxh6+ Ke7 39. d6+ 1-0

[Event "22nd European Teams"]
[Site "Batumi GEO"]
[Date "2019.10.26"]
[Round "3.6"]
[Board "1"]
[White "Bluebaum, Matthias"]
[Black "Jobava, Baadur"]
[Result "1/2-1/2"]
[WhiteTitle "GM"]
[BlackTitle "GM"]
[WhiteElo "2643"]
[BlackElo "2617"]
[WhiteTeam "Germany"]
[BlackTeam "Georgia"]
[WhiteFideId "24651516"]
[BlackFideId "13601520"]
[EventDate "2019.10.24"]

1. d4 Nf6 2. c4 c6 3. Nc3 d5 4. Nf3 dxc4 5. a4 a5 6. e4 Bg4 7. Be3 e6 8. Qc2
Nfd7 9. Bxc4 Na6 10. Be2 Nb4 11. Qd2 Be7 12. O-O O-O 13. Rfd1 Qe8 14. h3 Bh5 15.
Rac1 Rd8 16. Qe1 Bxf3 17. Bxf3 e5 18. d5 h6 19. dxc6 bxc6 20. Nb1 Bg5 21. Bxg5
hxg5 22. Qe3 Nf6 23. Na3 Qe6 24. Qb6 Rd3 25. Qxa5 Rxf3 26. gxf3 Qxh3 27. Qxe5
Qxf3 28. Qxg5 Nd3 29. Qg3 Qxg3+ 30. fxg3 Nxc1 31. Rxc1 Rb8 32. e5 Nd7 33. Rxc6
Rxb2 34. Nc4 Re2 35. Kf1 Re4 36. a5 Nxe5 37. Rc8+ Kh7 38. Nb6 Re3 39. Kg2 Re2+
40. Kf1 Ra2 41. Rc5 f6 42. Nd5 Kg6 43. Nb4 Ra4 44. Rb5 Kf5 45. a6 g5 46. Rb7 Kg4
47. Kf2 Nc6 48. Nxc6 Ra2+ 1/2-1/2

[Event "22nd European Teams"]
[Site "Batumi GEO"]
[Date "2019.10.26"]
[Round "3.6"]
[Board "2"]
[White "Cheparinov, Ivan"]
[Black "Fridman, Daniel"]
[Result "1-0"]
[WhiteTitle "GM"]
[BlackTitle "GM"]
[WhiteElo "2670"]
[BlackElo "2637"]
[WhiteTeam "Georgia"]
[BlackTeam "Germany"]
[WhiteFideId "2905540"]
[BlackFideId "11600454"]
[EventDate "2019.10.24"]

1. d4 d5 2. c4 e6 3. Nf3 Nf6 4. Nc3 Be7 5. Bf4 O-O 6. e3 Nbd7 7. Be2 dxc4 8. O-O
c5 9. dxc5 Nxc5 10. Bxc4 Qxd1 11. Rfxd1 b6 12. Ne5 Bb7 13. f3 Rfd8 14. e4 a6 15.
a4 Rac8 16. Be2 Nb3 17. Rxd8+ Rxd8 18. Rd1 Rxd1+ 19. Bxd1 Nc5 20. Nc4 Nd3 21.
Be3 Bc5 22. Bxc5 bxc5 23. Be2 Nb4 24. a5 Bc6 25. Ne5 Nd7 26. Nxc6 Nxc6 27. Bxa6
Nxa5 28. Na4 c4 29. Kf2 Ne5 30. Ke3 g5 31. Kd4 f6 32. Nb6 g4 33. f4 Ng6 34. Nxc4
Nc6+ 35. Kc5 Nb8 36. Bc8 Nxf4 37. g3 Nd3+ 38. Kd6 Nf2 39. Kc7 Kf7 40. b4 Nxe4
41. b5 1-0

[Event "22nd European Teams"]
[Site "Batumi GEO"]
[Date "2019.10.26"]
[Round "3.6"]
[Board "3"]
[White "Meier, Georg"]
[Black "Pantsulaia, Levan"]
[Result "1-0"]
[WhiteTitle "GM"]
[BlackTitle "GM"]
[WhiteElo "2628"]
[BlackElo "2603"]
[WhiteTeam "Germany"]
[BlackTeam "Georgia"]
[WhiteFideId "4675789"]
[BlackFideId "13602071"]
[EventDate "2019.10.24"]

1. Nf3 Nf6 2. c4 c5 3. Nc3 Nc6 4. g3 d5 5. cxd5 Nxd5 6. Bg2 Nc7 7. Qa4 Bd7 8.
Qe4 f6 9. d4 cxd4 10. Nxd4 e5 11. Nb3 Bb4 12. O-O Be6 13. Be3 Qe7 14. Rfd1 O-O
15. Na4 f5 16. Qc2 Qf7 17. Bc5 Bxb3 18. Qxb3 Qxb3 19. axb3 Bxc5 20. Nxc5 e4 21.
Rac1 Rfd8 22. Rxd8+ Nxd8 23. Nxe4 Nb5 24. Rc5 Nd4 25. Nc3 g6 26. Rc7 Rb8 27.
Bd5+ Kh8 28. e3 N4e6 29. Re7 Nc5 30. Re8+ Kg7 31. Nb5 a5 32. f3 Kf6 33. e4 fxe4
34. fxe4 Nd7 35. Nd6 Ne5 36. Nc4 1-0

[Event "22nd European Teams"]
[Site "Batumi GEO"]
[Date "2019.10.26"]
[Round "3.6"]
[Board "4"]
[White "Paichadze, Luka"]
[Black "Svane, Rasmus"]
[Result "1/2-1/2"]
[WhiteTitle "GM"]
[BlackTitle "GM"]
[WhiteElo "2574"]
[BlackElo "2592"]
[WhiteTeam "Georgia"]
[BlackTeam "Germany"]
[WhiteFideId "13602934"]
[BlackFideId "4657101"]
[EventDate "2019.10.24"]

1. e4 e5 2. Nf3 Nc6 3. Bb5 a6 4. Bxc6 dxc6 5. O-O Bg4 6. h3 h5 7. d3 Qf6 8. Be3
Bxf3 9. Qxf3 Qxf3 10. gxf3 f5 11. exf5 Ne7 12. f4 exf4 13. Bxf4 Nxf5 14. Bxc7
Nd4 15. Nd2 Nxc2 16. Rac1 Nb4 17. Nc4 Kf7 18. a3 Nd5 19. Be5 Rd8 20. d4 Be7 21.
Rfd1 Rd7 22. Rd3 Rc8 23. Kh1 c5 24. Bh2 Kg8 25. Rcd1 cxd4 26. Rxd4 Bf6 27. Ne5
Rcd8 28. R4d3 Bxe5 29. Bxe5 Kf7 30. Rg1 Nf6 31. Rdg3 Rg8 32. Bxf6 Kxf6 33. Rf3+
Ke7 34. Rg6 Kd8 35. Kg2 Rh8 36. Rfg3 Rd2 37. Rb6 Rf8 38. Rf3 Rxf3 39. Kxf3 Kc7 1/2-1/2

[Event "22nd European Teams"]
[Site "Batumi GEO"]
[Date "2019.10.26"]
[Round "3.7"]
[Board "2"]
[White "Wojtaszek, Radoslaw"]
[Black "Yilmaz, Mustafa"]
[Result "1/2-1/2"]
[WhiteTitle "GM"]
[BlackTitle "GM"]
[WhiteElo "2748"]
[BlackElo "2595"]
[WhiteTeam "Poland"]
[BlackTeam "Turkey"]
[WhiteFideId "1118358"]
[BlackFideId "6302718"]
[EventDate "2019.10.24"]

1. c4 c5 2. g3 g6 3. Bg2 Bg7 4. Nc3 Nc6 5. b3 Nf6 6. Bb2 O-O 7. e3 d5 8. Nxd5
Nxd5 9. Bxg7 Nxe3 10. dxe3 Kxg7 11. Ne2 Qa5+ 12. Qd2 Rd8 13. Qxa5 Nxa5 14. Nc3
Bd7 15. Ke2 Bc6 16. Bxc6 Nxc6 17. g4 b6 18. f4 Rd7 19. Rad1 Rad8 20. Rxd7 Rxd7
21. h4 f5 22. h5 fxg4 23. h6+ Kf6 24. Ne4+ Kf5 25. Ng3+ Kf6 26. Rh4 e5 27. Ne4+
Kf5 28. Ng3+ Kf6 29. Ne4+ Kf5 30. Ng3+ Kf6 1/2-1/2

[Event "22nd European Teams"]
[Site "Batumi GEO"]
[Date "2019.10.26"]
[Round "3.7"]
[Board "4"]
[White "Tomczak, Jacek"]
[Black "Sanal, Vahap"]
[Result "0-1"]
[WhiteTitle "GM"]
[BlackTitle "GM"]
[WhiteElo "2625"]
[BlackElo "2545"]
[WhiteTeam "Poland"]
[BlackTeam "Turkey"]
[WhiteFideId "1124668"]
[BlackFideId "6300545"]
[EventDate "2019.10.24"]

1. e4 e5 2. Nf3 Nc6 3. d4 exd4 4. Nxd4 Bc5 5. Nb3 Bb6 6. Nc3 Nf6 7. Bg5 h6 8.
Bh4 O-O 9. Qe2 a5 10. a4 Nd4 11. Qd3 Nxb3 12. cxb3 c6 13. Be2 Re8 14. f4 d5 15.
e5 g5 16. fxg5 Ng4 17. Bxg4 Bxg4 18. Qg3 Qd7 19. Kd2 Rxe5 20. Rae1 Rxe1 21. Rxe1
Bc7 22. Qf2 Qf5 23. Qxf5 Bxf5 24. Bg3 Bxg3 25. hxg3 hxg5 26. Re5 Be6 27. Rxg5+
Kf8 28. Ne2 Ke7 29. Nd4 Kf6 30. Nf3 Rh8 31. Ke3 c5 32. Kf4 b6 33. Re5 Rh1 34. g4
Ke7 35. Re2 Kd6 36. g5 d4 37. Nd2 Rc1 38. g6 fxg6 39. Kg5 Bd5 40. Kxg6 Rg1 41.
Nc4+ Bxc4 42. bxc4 d3 43. Rd2 Ke5 44. Rxd3 Rxg2+ 45. Kf7 Rxb2 46. Ke7 Rb4 47.
Kd7 Rxa4 48. Kc6 Rb4 49. Rd5+ 0-1

[Event "22nd European Teams"]
[Site "Batumi GEO"]
[Date "2019.10.26"]
[Round "3.8"]
[Board "1"]
[White "Rodshtein, Maxim"]
[Black "Tari, Aryan"]
[Result "1-0"]
[WhiteTitle "GM"]
[BlackTitle "GM"]
[WhiteElo "2684"]
[BlackElo "2630"]
[WhiteTeam "Israel"]
[BlackTeam "Norway"]
[WhiteFideId "2806851"]
[BlackFideId "1510045"]
[EventDate "2019.10.24"]

1. d4 Nf6 2. c4 g6 3. g3 c6 4. Bg2 d5 5. Qa4 dxc4 6. Qxc4 Bg7 7. Nf3 O-O 8. O-O
Bf5 9. Nc3 Nbd7 10. h3 Rc8 11. Qb3 Nb6 12. Rd1 Nfd5 13. Ng5 Nxc3 14. bxc3 h6 15.
Ne4 Be6 16. Qc2 Bf5 17. g4 Bxe4 18. Bxe4 e6 19. Bg2 Qc7 20. Qb3 Rfd8 21. Rb1 Rd7
22. e3 c5 23. a4 cxd4 24. cxd4 Qd8 25. Ba3 Nc4 26. Bc5 b6 27. Bb4 Rdc7 28. d5
exd5 29. Rxd5 Qe8 30. Be1 Qe7 31. Rc1 Ne5 32. Rxc7 Rxc7 33. Rd1 Rd7 34. Bd5 Rc7
35. Bb4 Qf6 36. Kg2 Kh7 37. Bc3 Qe7 38. Bb4 Qf6 39. Rd4 Rd7 40. Rf4 Qd8 41. Be4
Qg5 42. Bc3 Qe7 43. Bd4 Kg8 44. Bb1 Qd6 45. h4 Qc6+ 46. Be4 Qd6 47. Kh3 g5 48.
Rf5 Nxg4 49. Kxg4 Qh2 50. hxg5 h5+ 51. Kf3 Qh1+ 52. Kg3 Qxe4 53. Rf4 Qe7 54. Kh4
Bxd4 55. exd4 Qe1 56. Qf3 Qg1 57. Kxh5 Qh2+ 58. Kg4 Qg1+ 59. Kh3 Re7 60. Rh4 Re8
61. g6 Qf1+ 62. Kh2 fxg6 63. Qd5+ Kg7 64. Qd7+ Kf6 65. Rf4+ Kg5 66. Qg4+ Kh6 67.
Qh4+ Kg7 68. Qf6+ 1-0